00576pab a2200181 454500008004000000100002700040245008500067260000900152300001600161362000800177650001800185700001800203773003500221908000600256909001000262999001700272952010500289180718b2008 xxu||||| |||| 00| 0 eng d aQureshi, Mahvash Saeed aDistributional consequences of globalisation: empirical evidence from panel data c2008 ap.1424-449. aNov aGlobalization aWan, Guanghua aJournal of Development Studies aN a81021 c81021d81021 00104070aIIPAbIIPAd2018-07-19hVolume no: 44, Issue no: 10pAR81481r2018-07-19w2018-07-19yAR